Nghiên cứu thiết kế mô hình thiết bị hỗ trợ lau cửa kính : Báo cáo tổng kết đề tài Khoa học và Công nghệ cấp Trường
Thiết kế và chế tạo thiết bị hỗ trợ việc lau cửa kính ở độ cao nhất định, đảm bảo mức độ vệ sinh và sự an toàn cho người lao động vận hành thiết bị từ trên mặt đất.
Uloženo v:
| Hlavní autor: | |
|---|---|
| Médium: | Kniha |
| Jazyk: | Undetermined |
| Vydáno: |
Cần Thơ
Trường Đại học Cần Thơ
2016
|
| Témata: | |
| Tagy: |
Přidat tag
Žádné tagy, Buďte první, kdo otaguje tento záznam!
|
| Thư viện lưu trữ: | Trung tâm Học liệu Trường Đại học Cần Thơ |
|---|
| LEADER | 01148nam a2200205Ia 4500 | ||
|---|---|---|---|
| 001 | CTU_223219 | ||
| 008 | 210402s9999 xx 000 0 und d | ||
| 082 | |a 629.8 | ||
| 082 | |b D523 | ||
| 088 | |a T2016-10 | ||
| 100 | |a Nguyễn, Huỳnh Anh Duy | ||
| 245 | 0 | |a Nghiên cứu thiết kế mô hình thiết bị hỗ trợ lau cửa kính : | |
| 245 | 0 | |b Báo cáo tổng kết đề tài Khoa học và Công nghệ cấp Trường | |
| 245 | 0 | |c Nguyễn Huỳnh Anh Duy (Chủ nhiệm đề tài) ; Nguyễn Văn Khanh (Tham gia thực hiện) | |
| 260 | |a Cần Thơ | ||
| 260 | |b Trường Đại học Cần Thơ | ||
| 260 | |c 2016 | ||
| 520 | |a Thiết kế và chế tạo thiết bị hỗ trợ việc lau cửa kính ở độ cao nhất định, đảm bảo mức độ vệ sinh và sự an toàn cho người lao động vận hành thiết bị từ trên mặt đất. | ||
| 650 | |a Automatic control,Điều khiển tự động,Automatic control | ||
| 980 | |a Trung tâm Học liệu Trường Đại học Cần Thơ | ||